[Document not titled.].

Bibliographic Details
Corporate Author: United States. Navy Department
Format: Government Document eBook
Language:English
Published: Washington : [publisher not identified], 1911.
Series:Navy Dept. Spec. Order 4th Series No. 83
Subjects:
Online Access:Connect to the full text of this electronic document

MARC

Tag First Indicator Second Indicator Subfields
LEADER 00000cam a22000001a 4500
001 in00003766607
005 20190408185527.0
006 m o d f
007 cr bn mmmapmmp
008 040322s1911 dcu o f000 0 eng d
035 |a ebd1910601432 
040 |a UMI  |c UMI  |d UtOrBLW 
086 0 |a N 1.16/4:83 
099 |a N1.16-4.83 
245 0 0 |a [Document not titled.]. 
264 1 |a Washington :  |b [publisher not identified],  |c 1911. 
300 |a 1 online resource (1 pages) 
336 |a text  |b txt  |2 rdacontent 
337 |a computer  |b c  |2 rdamedia 
338 |a online resource  |b cr  |2 rdacarrier 
490 0 |a Navy Dept. Spec. Order 4th Series No. 83 
500 |a [Appropriations for equipment of Navy vessels; on requisition procedure]. 
500 |a Record is based on bibliographic data in ProQuest U.S. Executive Branch Documents, 1910-1932. Reuse except for individual research requires license from ProQuest, LLC. 
533 |a Electronic reproduction.  |b [Bethesda, Md.] :  |c ProQuest,  |d 2012.  |e digital, PDF file.  |n ProQuest U.S. Executive Branch Documents, 1910-1932.  |n Mode of access: World Wide Web via ProQuest website. 
538 |a System requirements: PDF reader software. 
500 |a Electronic resource. 
650 0 |a Warships.  |0 http://id.loc.gov/authorities/subjects/sh85145303 
655 7 |a Electronic books.  |2 local 
710 1 |a United States.  |b Navy Department.  |0 http://id.loc.gov/authorities/names/n79083946 
776 1 8 |i Microfiche version:  |t [Document not titled.]  |o CIS US Exec MF N1.16-4.83  |w (ProQuest)cis19161175 
856 4 0 |u http://proxy.library.tamu.edu/login?url=http://congressional.proquest.com/congressional/docview/t66.d71.n1.16-4.83  |z Connect to the full text of this electronic document  |t 0 
999 f f |s a7fe8d6f-1a29-329e-b4e6-d6416161d3e9  |i 52f40edb-80af-37d4-9879-d688692bfd39  |t 0 
952 f f |a Texas A&M University  |b College Station  |c Electronic Resources  |d Available Online  |t 0  |h No information provided 
998 f f |t 0  |l Available Online